[Event "Online Olym Div4 B"]
[Site "Chess.com INT"]
[Date "2021.08.20"]
[Round "3.2"]
[White "Murara Urwintwari, Ian"]
[Black "Muwanguzi, David Wabwire"]
[Result "0-1"]
[WhiteElo "1678"]
[BlackElo "2062"]
[PlyCount "88"]
[EventDate "2021.08.20"]
[EventType "team (rapid)"]
[EventRounds "11"]
[EventCountry "USA"]
[SourceTitle "CBM 203 Extra"]
[Source "ChessBase"]
[SourceDate "2021.09.30"]
[SourceVersion "1"]
[SourceVersionDate "2021.09.30"]
[SourceQuality "1"]
[WhiteTeam "Rwanda"]
[BlackTeam "Uganda"]
[WhiteTeamCountry "RWA"]
[BlackTeamCountry "UGA"]

1. c4 Nf6 2. Nc3 b6 3. e4 Bb7 4. d3 e6 5. g3 Be7 6. Bg2 0-0 7. Nge2 d5 8. e5 Nfd7 9. 0-0 Nxe5 10. cxd5 exd5 11. d4 Ng6 12. Nf4 c6 13. Nxg6 hxg6 14. Re1 Nd7 15. Bf4 Re8 16. Rc1 Bf6 17. Qd2 Nf8 18. b4 a6 19. a4 Qd7 20. b5 axb5 21. axb5 Rxe1+ 22. Rxe1 cxb5 23. Rb1 Bc6 24. Qd3 Ra5 25. Bf1 Ne6 26. Be3 Nc7 27. Bd2 Ra3 28. Bc1 Ra5 29. Bd2 Be7 30. Qe3 b4 31. Nd1 Ra3 32. Qe1 Ne6 33. Bxb4 Bxb4 34. Qxb4 Ra4 35. Qxb6 Nxd4 36. Nc3 Nf3+ 37. Kh1 Ra3 38. Qb4 Rxc3 39. Qxc3 d4 40. Rb8+ Kh7 41. Qa1 Nh4+ 42. Kg1 Qd5 43. f3 Qxf3 44. gxh4 Qe3# 0-1